Možnosti rozvoja vybraného podniku v konkrétnej fáze životného cyklu bakalárska práca

Gespeichert in:
Bibliographische Detailangaben
1. Verfasser: Paľová, Gabriela
Körperschaft: Podnikovohospodárska fakulta EU so sídlom v Košiciach. Katedra hospodárskej informatiky a matematiky
Weitere Verfasser: Slivková, Adela, 1986-
Format: Buch
Sprache:Slowakisch
Veröffentlicht: Košice 2013
Tags: Tag hinzufügen
Keine Tags, Fügen Sie das erste Tag hinzu!

MARC

LEADER 00000nbm a2200000 4500
001 0172358
005 20161109112046.0
041 0 |a slo 
044 |a SK 
245 1 0 |a Možnosti rozvoja vybraného podniku v konkrétnej fáze životného cyklu  |b bakalárska práca  |c Gabriela Paľová ; školiteľ: Adela Slivková 
264 1 |a Košice  |c 2013 
300 |a 56 s. 
100 1 |a Paľová, Gabriela 
700 1 |a Slivková, Adela, 1986- 
710 2 |a Podnikovohospodárska fakulta EU so sídlom v Košiciach. Katedra hospodárskej informatiky a matematiky